000 00385nam a2200157Ia 4500
008 230917s9999||||xx |||||||||||||| ||und||
020 _cPON9.75
040 _e19477
_aMAIN
041 _aEnglish
082 _a301.4 B664E
100 _aBoulding, Kenneth E
245 0 _aEcodynamics: A new theory of societal evolution
260 _aLondon
_c1978
300 _a368 p.
942 _cBK
999 _c206586
_d206586